[Event "Sochi Pearl Blitz op"]
[Site "Sochi"]
[Date "2023.10.12"]
[Round "1"]
[White "Nezamyatin, Ruslan"]
[Black "Zakhartsov, Vladimir"]
[Result "1/2-1/2"]
[WhiteElo "2070"]
[BlackElo "2523"]
[PlyCount "108"]
[EventDate "2023.10.12"]
[EventType "swiss (blitz)"]
[EventRounds "13"]
[EventCountry "RUS"]
[SourceTitle "Mega2024 Update 01"]
[Source "Chessbase"]
[SourceDate "2023.11.12"]
[SourceVersion "1"]
[SourceVersionDate "2023.11.12"]
[SourceQuality "1"]

1. d4 Nf6 2. Nf3 e6 3. c4 c5 4. d5 exd5 5. cxd5 b5 6. Nc3 b4 7. Na4 d6 8. e4 Nbd7 9. Bd3 Be7 10. 0-0 0-0 11. b3 Re8 12. h3 Bf8 13. Re1 Nb6 14. Nb2 a5 15. a4 g6 16. Bg5 Bg7 17. Qc2 Qc7 18. Rac1 Nfd7 19. Bb5 Ba6 20. Bxa6 Rxa6 21. Bf4 Raa8 22. Nc4 Nxc4 23. Qxc4 Re7 24. Qb5 Bc3 25. Re2 c4 26. Qxc4 Qxc4 27. bxc4 Ra6 28. Bd2 Bxd2 29. Nxd2 Nc5 30. f3 Nxa4 31. Nb3 Nc3 32. Rec2 Rc7 33. Ra1 a4 34. Nd2 a3 35. Kf2 Na4 36. Nb3 Nc5 37. Nxc5 Rxc5 38. Rca2 Rxc4 39. Ke3 Rc3+ 40. Kd2 Ra5 41. Rc2 Rac5 42. Rxc3 Rxc3 43. Rb1 a2 44. Ra1 Ra3 45. Kc2 Kg7 46. Kb2 Kf6 47. f4 Rg3 48. Rxa2 Rxg2+ 49. Kb3 Rxa2 50. Kxa2 g5 51. fxg5+ Ke5 52. Kb3 Kxe4 53. Kc4 b3 54. Kxb3 Kxd5 1/2-1/2

[Event "RUS-ch blitz"]
[Site "Sochi"]
[Date "2019.10.17"]
[Round "5"]
[White "Belyakov, Bogdan"]
[Black "Nezamyatin, Ruslan"]
[Result "1-0"]
[WhiteElo "2495"]
[BlackElo "2070"]
[PlyCount "125"]
[EventDate "2019.10.17"]
[EventType "swiss (blitz)"]
[EventRounds "15"]
[EventCountry "RUS"]
[SourceTitle "CBM 192 Extra"]
[Source "Chessbase"]
[SourceDate "2019.11.06"]
[SourceVersion "1"]
[SourceVersionDate "2019.11.06"]
[SourceQuality "1"]

1. e4 d5 2. exd5 Nf6 3. c4 e6 4. d4 exd5 5. Nc3 Be7 6. Nf3 Bg4 7. h3 Bh5 8. g4 Bg6 9. Qb3 Nc6 10. cxd5 Nb4 11. Qa4+ Nd7 12. Be3 Nc2+ 13. Kd2 Nxa1 14. Bd3 Bxd3 15. Kxd3 0-0 16. Rxa1 Nb6 17. Qb3 c6 18. dxc6 bxc6 19. Ke2 Nd5 20. Rc1 Rb8 21. Qc2 Qb6 22. b3 Ba3 23. Rd1 Rfe8 24. Nxd5 cxd5 25. Kf1 Qf6 26. Kg2 Rbc8 27. Qd3 h6 28. Qb5 Qe6 29. Re1 Qd6 30. Bf4 Qd8 31. Rxe8+ Qxe8 32. Qxd5 Rc2 33. Qa5 Qe2 34. Bg3 Rc1 35. Nh2 Bf8 36. Qxa7 Qe4+ 37. Nf3 Qe2 38. Nh2 Qe4+ 39. Nf3 Qe2 40. Bf4 Qf1+ 41. Kg3 Rc2 42. d5 Rc3 43. Qb8 Qe2 44. Be3 Rxe3 45. fxe3 Qxe3 46. b4 Qe4 47. b5 h5 48. gxh5 Qe7 49. b6 Kh7 50. b7 Qc5 51. Kg2 Qc2+ 52. Kf1 Qd3+ 53. Kg2 Qc2+ 54. Kg3 Qc5 55. Qf4 Bd6 56. b8Q Bxb8 57. Qxb8 Qxd5 58. a4 Qxh5 59. Qf4 Qg6+ 60. Qg4 Qd6+ 61. Qf4 Qg6+ 62. Ng5+ Kg8 63. Qb8# 1-0

[Event "Sochi Doroshkevich Amateur op"]
[Site "Sochi"]
[Date "2017.12.25"]
[Round "6"]
[White "Egorov, Pavel"]
[Black "Nezamyatin, Ruslan"]
[Result "1-0"]
[WhiteElo "2240"]
[BlackElo "2129"]
[PlyCount "87"]
[EventDate "2017.12.21"]
[EventType "swiss"]
[EventRounds "9"]
[EventCountry "RUS"]
[SourceTitle "CBM 182 Extra"]
[Source "ChessBase"]
[SourceDate "2018.02.23"]
[SourceVersion "1"]
[SourceVersionDate "2018.02.23"]
[SourceQuality "1"]

1. d4 d5 2. c4 c6 3. Nc3 Nf6 4. Nf3 dxc4 5. a4 Bf5 6. e3 e6 7. Bxc4 Bb4 8. 0-0 Nbd7 9. Qe2 Nb6 10. Bb3 Bg6 11. a5 Nbd5 12. a6 b5 13. Ne5 Qd6 14. Bd2 Bxc3 15. bxc3 Ne4 16. c4 Nxd2 17. Qxd2 bxc4 18. Nxc4 Qb4 19. Qxb4 Nxb4 20. Ne5 Be4 21. f3 Bd5 22. Rfb1 Rb8 23. Bxd5 cxd5 24. Nd3 Nc6 25. Rxb8+ Nxb8 26. Rb1 Nxa6 27. Nc5 Nxc5 28. Rb8+ Kd7 29. Rxh8 Nb7 30. Kf2 a5 31. Ke2 g6 32. Rxh7 Nd6 33. Kd3 Kc6 34. e4 f5 35. e5 Nc4 36. Re7 Kb5 37. Rxe6 Nb2+ 38. Kc2 Nc4 39. Rxg6 a4 40. Rg8 f4 41. e6 Ne3+ 42. Kb2 Nf5 43. Rf8 Ne7 44. Rf7 1-0

[Event "RUS-ch rapid"]
[Site "Sochi"]
[Date "2017.09.30"]
[Round "1"]
[White "Rozum, Ivan"]
[Black "Nezamyatin, Ruslan"]
[Result "1-0"]
[WhiteElo "2590"]
[BlackElo "2155"]
[PlyCount "79"]
[EventDate "2017.09.30"]
[EventType "swiss (rapid)"]
[EventRounds "11"]
[EventCountry "RUS"]
[SourceTitle "EXT 2018"]
[Source "ChessBase"]
[SourceDate "2017.10.13"]
[SourceVersion "1"]
[SourceVersionDate "2017.10.13"]
[SourceQuality "1"]

1. d4 d5 2. Nf3 Nf6 3. g3 c5 4. c3 e6 5. Bg2 Nc6 6. 0-0 b6 7. Bg5 Be7 8. dxc5 bxc5 9. c4 0-0 10. Nc3 Rb8 11. b3 Ba6 12. cxd5 Nxd5 13. Bxe7 Ncxe7 14. Na4 Qa5 15. Ne5 Rfd8 16. Qe1 Qxe1 17. Rfxe1 Rbc8 18. Rac1 f6 19. Nc4 Bb5 20. Ncb2 Nb6 21. Nxc5 Rd2 22. Nbd3 Rxa2 23. Nxe6 Rxc1 24. Nxc1 Ra1 25. Nd4 Be8 26. Nd3 Ra3 27. Rc1 Bf7 28. Nc5 Ned5 29. e3 h6 30. h4 a5 31. Bf3 g6 32. Nb5 Ra2 33. Nd6 Nb4 34. h5 gxh5 35. Nf5 Bxb3 36. Nxb3 Kf7 37. Rc7+ Ke8 38. Nbd4 N6d5 39. Bxh5+ Kd8 40. Ne6# 1-0

[Event "Sochi City-ch"]
[Site "Sochi"]
[Date "2017.09.09"]
[Round "8"]
[White "Demchenko, Alisa"]
[Black "Nezamyatin, Ruslan"]
[Result "0-1"]
[WhiteElo "1978"]
[BlackElo "2155"]
[PlyCount "60"]
[EventDate "2017.09.02"]
[EventType "swiss"]
[EventRounds "9"]
[EventCountry "RUS"]
[SourceTitle "CBM 180 Extra"]
[Source "ChessBase"]
[SourceDate "2017.10.06"]
[SourceVersion "1"]
[SourceVersionDate "2017.10.06"]
[SourceQuality "1"]

1. d4 Nf6 2. c4 g6 3. Nc3 d5 4. cxd5 Nxd5 5. e4 Nxc3 6. bxc3 Bg7 7. Be3 c5 8. Qd2 Qa5 9. Nf3 Nc6 10. Rc1 cxd4 11. cxd4 Qxd2+ 12. Kxd2 0-0 13. d5 Rd8 14. Ke1 Nb4 15. Bc4 b5 16. a3 Bb2 17. Bxb5 Bxc1 18. Bxc1 Ba6 19. Bxa6 Nxa6 20. Be3 e6 21. dxe6 fxe6 22. Ke2 Rac8 23. Bxa7 Rc2+ 24. Ke3 Rc3+ 25. Kf4 Rxa3 26. Rb1 Nc7 27. Bb6 Rb8 28. Rb2 Ra4 29. Ne5 Rxb6 30. Rxb6 Nd5+ 0-1

[Event "Sochi City-ch"]
[Site "Sochi"]
[Date "2017.09.08"]
[Round "7"]
[White "Nezamyatin, Ruslan"]
[Black "Gutkis, Vladimir"]
[Result "1-0"]
[WhiteElo "2155"]
[BlackElo "2194"]
[PlyCount "55"]
[EventDate "2017.09.02"]
[EventType "swiss"]
[EventRounds "9"]
[EventCountry "RUS"]
[SourceTitle "CBM 180 Extra"]
[Source "ChessBase"]
[SourceDate "2017.10.06"]
[SourceVersion "1"]
[SourceVersionDate "2017.10.06"]
[SourceQuality "1"]

1. d4 d5 2. Nf3 c6 3. c4 e6 4. Nc3 dxc4 5. e3 b5 6. a4 Qb6 7. axb5 cxb5 8. Ne5 Nf6 9. b3 Bb7 10. bxc4 b4 11. c5 Qd8 12. Qa4+ Nfd7 13. Qxb4 Qc8 14. Nc4 Nc6 15. Qa4 Be7 16. Nb5 0-0 17. Be2 Nf6 18. Nbd6 Qd7 19. Bf3 Bxd6 20. Nxd6 Nd5 21. Bd2 Rab8 22. 0-0 Ba8 23. Rab1 Rbd8 24. h3 h6 25. Qc4 Nce7 26. Ba5 Rb8 27. Qa6 Bc6 28. Bd2 1-0

[Event "South FR-ch"]
[Site "Armavir"]
[Date "2012.03.??"]
[Round "1"]
[White "Nezamyatin, Ruslan"]
[Black "Zalitko, Ivan"]
[Result "1-0"]
[WhiteElo "2176"]
[BlackElo "1812"]
[PlyCount "91"]
[EventDate "2012.03.11"]
[EventType "swiss"]
[EventRounds "9"]
[EventCountry "RUS"]
[SourceTitle "EXT 2023"]
[Source "ChessBase"]
[SourceDate "2022.10.05"]
[SourceVersion "1"]
[SourceVersionDate "2022.10.05"]
[SourceQuality "1"]

1. d4 d5 2. c4 Bf5 3. Qb3 e5 4. cxd5 exd4 5. Nf3 Be4 6. Qa4+ c6 7. Qxd4 Bxf3 8. exf3 Qxd5 9. Qe4+ Qxe4+ 10. fxe4 Nf6 11. Nc3 Bb4 12. f3 0-0 13. Be3 Nbd7 14. Be2 Rfe8 15. Kf2 Bc5 16. Rhd1 Bxe3+ 17. Kxe3 Nb6 18. Rd4 Nfd5+ 19. Kf2 Nf4 20. Bf1 Ne6 21. Rd2 Rad8 22. Rad1 Rxd2+ 23. Rxd2 h6 24. g3 Rd8 25. Rxd8+ Nxd8 26. b4 Kf8 27. Ke3 Ke7 28. f4 g6 29. a4 f6 30. h4 Nf7 31. Kd4 Kd6 32. e5+ fxe5+ 33. fxe5+ Ke7 34. Bh3 Nd8 35. a5 Nd7 36. Ne2 g5 37. hxg5 hxg5 38. Ke4 Nb8 39. Nd4 b6 40. axb6 axb6 41. Bc8 Nf7 42. Nf5+ Kf8 43. e6 Nh8 44. Ke5 c5 45. b5 Ke8 46. Kf6 1-0

[Event "Yuzhny FO-ch op"]
[Site "Armavir"]
[Date "2011.03.19"]
[Round "8"]
[White "Kruglyak, Nikita"]
[Black "Nezamyatin, Ruslan"]
[Result "0-1"]
[WhiteElo "2016"]
[BlackElo "2238"]
[PlyCount "42"]
[EventDate "2011.03.12"]
[EventType "swiss"]
[EventRounds "9"]
[EventCountry "RUS"]
[SourceTitle "CBM 141 Extra"]
[Source "ChessBase"]
[SourceDate "2011.05.03"]
[SourceVersion "1"]
[SourceVersionDate "2011.05.03"]
[SourceQuality "1"]

1. e4 c5 2. Nf3 d6 3. d4 cxd4 4. Nxd4 Nf6 5. Nc3 a6 6. Be2 e5 7. Nb3 Be7 8. 0-0 0-0 9. f4 Nbd7 10. Qe1 exf4 11. Bxf4 Ne5 12. Qg3 Qc7 13. Rad1 Be6 14. Nd4 Qb6 15. Kh1 Kh8 16. Nxe6 fxe6 17. Bxe5 dxe5 18. Qxe5 Rac8 19. Rb1 Bb4 20. g4 Qe3 21. Rf3 Bxc3 0-1

[Event "Yuzhny FO-ch op"]
[Site "Armavir"]
[Date "2011.03.17"]
[Round "6"]
[White "Nezamyatin, Ruslan"]
[Black "Sukhareva, Evgenia"]
[Result "1/2-1/2"]
[WhiteElo "2238"]
[BlackElo "2180"]
[PlyCount "95"]
[EventDate "2011.03.12"]
[EventType "swiss"]
[EventRounds "9"]
[EventCountry "RUS"]
[SourceTitle "CBM 141 Extra"]
[Source "ChessBase"]
[SourceDate "2011.05.03"]
[SourceVersion "1"]
[SourceVersionDate "2011.05.03"]
[SourceQuality "1"]

1. d4 d5 2. Nf3 e6 3. c4 c6 4. Qc2 Nf6 5. Bg5 h6 6. Bxf6 Qxf6 7. Nbd2 Nd7 8. e4 dxe4 9. Qxe4 Bd6 10. Bd3 c5 11. 0-0 cxd4 12. Qxd4 Qxd4 13. Nxd4 Be5 14. N2f3 Bf6 15. Rac1 0-0 16. c5 Ne5 17. Be4 Nxf3+ 18. Nxf3 Bxb2 19. Rc2 Bf6 20. Rb1 Rd8 21. h3 a5 22. Bxb7 Bxb7 23. Rxb7 Rac8 24. c6 Rd1+ 25. Kh2 Kf8 26. a4 Rd6 27. c7 Ke8 28. Ra7 Rd5 29. g3 Be5 30. Nxe5 Rxe5 31. Rd2 Rf5 32. g4 Rf4 33. Kg3 g5 34. h4 f6 35. h5 Rxa4 36. Rd8+ Rxd8 37. cxd8Q+ Kxd8 38. Rh7 Ra3+ 39. Kg2 Ra4 40. f3 Ra2+ 41. Kg3 Ke8 42. Rxh6 Kf7 43. Rh7+ Kg8 44. Ra7 e5 45. Ra6 Kg7 46. Ra7+ Kg8 47. Ra8+ Kg7 48. Ra7+ 1/2-1/2